[Event "26. Torneo Collado Villalba - B"]
[Site "Collado Villalba ESP"]
[Date "2010.08.22"]
[Round "3.1"]
[White "Morona Minguez, Irene"]
[Black "Martinez Rubio, Felipe"]
[Result "1-0"]
[WhiteElo "1838"]
[BlackElo "1920"]
[PlyCount "49"]
[EventDate "2010.08.20"]
[EventType "swiss"]
[EventRounds "9"]
[EventCountry "ESP"]
[Source "lmi"]
[SourceDate "2010.08.20"]

1. e4 c5 2. Nf3 e6 3. d4 cxd4 4. Nxd4 Nf6 5. Nc3 Nc6 6. Ndb5 Bb4 7. a3 Bxc3+ 8.
Nxc3 a6 9. Qd6 Qe7 10. Bf4 e5 11. Qxe7+ Kxe7 12. Bg5 Kf8 13. O-O-O Ne8 14. Nd5
f6 15. Be3 d6 16. Bb6 Be6 17. Nc7 Nxc7 18. Bxc7 Rc8 19. Bxd6+ Kf7 20. Bc5 b5
21. Be2 Rhd8 22. Bb6 Rd7 23. Rxd7+ Bxd7 24. Rd1 Ke8 25. Rxd7 1-0

[Event "26. Torneo Collado Villalba - B"]
[Site "Collado Villalba ESP"]
[Date "2010.08.22"]
[Round "3.3"]
[White "Casas Rios, Ramon"]
[Black "Benito Alba, Eladio"]
[Result "1-0"]
[WhiteElo "1879"]
[BlackElo "1796"]
[PlyCount "35"]
[EventDate "2010.08.20"]
[EventType "swiss"]
[EventRounds "9"]
[EventCountry "ESP"]
[Source "lmi"]
[SourceDate "2010.08.20"]

1. Nf3 Nf6 2. g3 d5 3. Bg2 g6 4. O-O Bg7 5. d4 O-O 6. c4 c6 7. Nc3 e6 8. Qc2
Nbd7 9. Rd1 Re8 10. e4 dxe4 11. Nxe4 Nxe4 12. Qxe4 Nf6 13. Qc2 h6 14. Bf4 Qe7
15. Ne5 Nd7 16. Nxc6 bxc6 17. Bxc6 Nb6 18. c5 1-0

[Event "26. Torneo Collado Villalba - B"]
[Site "Collado Villalba ESP"]
[Date "2010.08.22"]
[Round "3.4"]
[White "Escalante Ortega, Fernando"]
[Black "Perez Alvarez, Javier"]
[Result "1-0"]
[WhiteElo "1853"]
[BlackElo "1774"]
[PlyCount "61"]
[EventDate "2010.08.20"]
[EventType "swiss"]
[EventRounds "9"]
[EventCountry "ESP"]
[Source "lmi"]
[SourceDate "2010.08.20"]

1. e4 e6 2. Nf3 d5 3. Nc3 d4 4. Nb1 c5 5. Bc4 a6 6. a4 Nc6 7. e5 Nge7 8. O-O
Ng6 9. Re1 Be7 10. d3 Qc7 11. Qe2 Na5 12. Na3 Bd7 13. Bg5 Bc6 14. Bxe7 Qxe7 15.
g3 O-O 16. Nd2 Qc7 17. f4 Bxa4 18. Ne4 Bc6 19. Nd6 b5 20. Ba2 Nb7 21. Ne4 Ne7
22. Qh5 Bd5 23. Nf6+ gxf6 24. exf6 Kh8 25. fxe7 Rfe8 26. Bxd5 exd5 27. Qxf7 b4
28. Qf6+ Kg8 29. Nb5 axb5 30. Rxa8 Rxa8 31. e8=Q+ 1-0

[Event "26. Torneo Collado Villalba - B"]
[Site "Collado Villalba ESP"]
[Date "2010.08.22"]
[Round "3.5"]
[White "Garcia Burguillo, Javier"]
[Black "Piriz Fernandez, Daniel"]
[Result "0-1"]
[WhiteElo "1714"]
[BlackElo "1841"]
[PlyCount "100"]
[EventDate "2010.08.20"]
[EventType "swiss"]
[EventRounds "9"]
[EventCountry "ESP"]
[Source "lmi"]
[SourceDate "2010.08.20"]

1. e4 e6 2. d4 d5 3. exd5 exd5 4. Bd3 Bd6 5. Qf3 Nc6 6. c3 Nf6 7. h3 O-O 8. Ne2
h6 9. O-O Ne7 10. Bf4 Bxf4 11. Qxf4 c6 12. Nd2 Ng6 13. Qf3 Qc7 14. Qg3 Qxg3 15.
Nxg3 Nf4 16. Bc2 b6 17. Rfe1 Ba6 18. Ndf1 c5 19. Nf5 Rfe8 20. N1g3 Re6 21. Ne7+
Kf8 22. Rxe6 Nxe6 23. Nef5 Rc8 24. Rd1 h5 25. dxc5 bxc5 26. Bd3 Bxd3 27. Rxd3
g6 28. Ne3 Nf4 29. Rd2 d4 30. cxd4 h4 31. Ngf1 cxd4 32. Rc2 Re8 33. Nc4 d3 34.
Rd2 Ne4 35. Rd1 Ne2+ 36. Kh2 Nxf2 37. Rd2 Re4 38. Nfe3 Kg7 39. b3 f6 40. Nd1
Nxd1 41. Rxd1 Nf4 42. Rd2 Re2 43. Kg1 Nxg2 44. Rxd3 Rxa2 45. Rd4 g5 46. Nd2 Nf4
47. Rd7+ Kg6 48. Rd6 Nxh3+ 49. Kf1 Nf4 50. Ne4 Nh5 0-1

[Event "26. Torneo Collado Villalba - B"]
[Site "Collado Villalba ESP"]
[Date "2010.08.22"]
[Round "3.8"]
[White "Fernandez Garcia, Ignacio"]
[Black "Santamarta Dominguez, Fernando"]
[Result "1-0"]
[WhiteElo "1909"]
[BlackElo "1772"]
[PlyCount "77"]
[EventDate "2010.08.20"]
[EventType "swiss"]
[EventRounds "9"]
[EventCountry "ESP"]
[Source "lmi"]
[SourceDate "2010.08.20"]

1. e4 c5 2. Nc3 d6 3. Bc4 Nf6 4. Nf3 Nc6 5. h3 a6 6. a4 g6 7. O-O Bg7 8. d3 O-O
9. Ne2 d5 10. exd5 Nxd5 11. c3 e5 12. Ng3 Rb8 13. a5 Nf4 14. Be3 Nxa5 15. Bxc5
Re8 16. Re1 Nxc4 17. dxc4 Nd3 18. Bb6 Qxb6 19. Qxd3 Qc6 20. Qd5 Be6 21. Qxc6
bxc6 22. Rxa6 Bxc4 23. Rxc6 Bd5 24. Rc7 Bxf3 25. gxf3 Rxb2 26. Ne4 Rb6 27. Rd1
Rbe6 28. Rdd7 Rf8 29. c4 h6 30. c5 Bh8 31. c6 f5 32. Nc5 Ree8 33. Rd6 Rf6 34.
Nb7 e4 35. fxe4 fxe4 36. Rcd7 e3 37. fxe3 Rxe3 38. Rd8+ Kh7 39. Rxh8+ 1-0

[Event "26. Torneo Collado Villalba - B"]
[Site "Collado Villalba ESP"]
[Date "2010.08.22"]
[Round "3.9"]
[White "Nunez Miranda, Adrian"]
[Black "Garcia Cervigon, Cecilio"]
[Result "1-0"]
[WhiteElo "1772"]
[BlackElo "1864"]
[PlyCount "81"]
[EventDate "2010.08.20"]
[EventType "swiss"]
[EventRounds "9"]
[EventCountry "ESP"]
[Source "lmi"]
[SourceDate "2010.08.20"]

1. e4 c6 2. d4 d5 3. exd5 cxd5 4. Bf4 Nc6 5. c3 g6 6. Nd2 Bg7 7. Ngf3 Nh6 8.
Be2 f6 9. b4 g5 10. Be3 Nf5 11. h3 Qc7 12. Bb5 Nxe3 13. fxe3 Qg3+ 14. Kf1 Bd7
15. Qe1 Qc7 16. Nb3 a6 17. Be2 b6 18. Rc1 Qd6 19. c4 dxc4 20. Bxc4 b5 21. Be2
Nxb4 22. Nc5 Nd5 23. Qd2 O-O 24. Bd3 Bh6 25. g4 Bc6 26. Ke2 Rfc8 27. a3 e6 28.
Rhg1 Ne7 29. Qc2 Kh8 30. Rcf1 Bxf3+ 31. Rxf3 Qh2+ 32. Kf1 Qxc2 33. Bxc2 Bg7 34.
Be4 e5 35. Bxa8 Rxa8 36. Ne6 e4 37. Rf2 Nd5 38. Ke2 Rc8 39. Nc5 Bf8 40. Rc1 Bd6
41. Rf5 1-0

[Event "26. Torneo Collado Villalba - B"]
[Site "Collado Villalba ESP"]
[Date "2010.08.22"]
[Round "3.10"]
[White "Navarro Martin, Carlos"]
[Black "Sadaba Rodriguez, Igor"]
[Result "1-0"]
[WhiteElo "1843"]
[BlackElo "1685"]
[PlyCount "81"]
[EventDate "2010.08.20"]
[EventType "swiss"]
[EventRounds "9"]
[EventCountry "ESP"]
[Source "lmi"]
[SourceDate "2010.08.20"]

1. d4 Nf6 2. c4 g6 3. Nc3 d5 4. Nf3 Bg7 5. cxd5 Nxd5 6. e4 Nxc3 7. bxc3 O-O 8.
Rb1 c5 9. Be2 cxd4 10. cxd4 Qa5+ 11. Bd2 Qxa2 12. O-O b6 13. Qc1 Qe6 14. Bc4
Qd7 15. Bh6 Ba6 16. Bxg7 Kxg7 17. Bd5 Bxf1 18. Kxf1 Na6 19. Ne5 Qd8 20. Qa3 Nc7
21. Bxa8 Qxa8 22. d5 e6 23. Qc3 Nxd5 24. exd5 f6 25. Nd7 Qc8 26. Qxc8 Rxc8 27.
dxe6 Re8 28. Re1 f5 29. Re3 f4 30. Re4 g5 31. Ke2 Kg6 32. Kd3 Rc8 33. e7 Re8
34. Ne5+ Kf6 35. Nc6 a6 36. Kd4 a5 37. Kc4 h6 38. Kb5 h5 39. f3 Kf7 40. Kxb6 a4
41. Rxa4 1-0

[Event "26. Torneo Collado Villalba - B"]
[Site "Collado Villalba ESP"]
[Date "2010.08.22"]
[Round "3.12"]
[White "Sanchez Yunquera, Raul"]
[Black "Balsinde Montemayor, Pablo"]
[Result "1-0"]
[WhiteElo "1702"]
[BlackElo "1827"]
[PlyCount "41"]
[EventDate "2010.08.20"]
[EventType "swiss"]
[EventRounds "9"]
[EventCountry "ESP"]
[Source "lmi"]
[SourceDate "2010.08.20"]

1. d4 d5 2. c4 c6 3. Nc3 Nf6 4. Nf3 a6 5. Bg5 e6 6. a3 Be7 7. e3 Nbd7 8. Be2
O-O 9. O-O dxc4 10. Bxc4 b5 11. Be2 Bb7 12. Rc1 c5 13. dxc5 Nxc5 14. b4 Nce4
15. Nxe4 Bxe4 16. Ne5 Bd6 17. Bxf6 gxf6 18. Nc6 Bxc6 19. Rxc6 Be5 20. Bf3 Ra7
21. Qc2 1-0

[Event "26. Torneo Collado Villalba - B"]
[Site "Collado Villalba ESP"]
[Date "2010.08.22"]
[Round "3.13"]
[White "Rubio Campos, Juan"]
[Black "Perez Perez, Elena"]
[Result "1-0"]
[WhiteElo "1813"]
[BlackElo "1584"]
[PlyCount "79"]
[EventDate "2010.08.20"]
[EventType "swiss"]
[EventRounds "9"]
[EventCountry "ESP"]
[Source "lmi"]
[SourceDate "2010.08.20"]

1. e4 e5 2. Nf3 Nc6 3. Bb5 a6 4. Ba4 Nf6 5. O-O b5 6. Bb3 Bc5 7. c3 Bb6 8. d3
d6 9. h3 h6 10. Nbd2 O-O 11. Re1 Be6 12. Bc2 Ne7 13. Nf1 Ng6 14. Be3 c6 15. Ng3
Re8 16. a4 Bc7 17. d4 Bc4 18. b3 Be6 19. Qd2 Rb8 20. axb5 axb5 21. b4 Qe7 22.
Nf5 Qd7 23. Ra7 Ra8 24. dxe5 Nh7 25. Nxd6 Rxa7 26. Nxe8 Qxd2 27. Nxd2 Rb7 28.
Nxc7 Rxc7 29. f4 Ngf8 30. Nb3 f6 31. f5 Bc8 32. e6 Bb7 33. Bc5 Rc8 34. h4 g5
35. fxg6 Nxg6 36. Na5 Ba8 37. Bb3 Kg7 38. g3 Nhf8 39. Rd1 Ne5 40. e7 1-0

[Event "26. Torneo Collado Villalba - B"]
[Site "Collado Villalba ESP"]
[Date "2010.08.22"]
[Round "3.14"]
[White "Mataix Fernandez, Ricardo"]
[Black "Takvor Mena, Samuel"]
[Result "1-0"]
[WhiteElo "1800"]
[BlackElo "1674"]
[PlyCount "85"]
[EventDate "2010.08.20"]
[EventType "swiss"]
[EventRounds "9"]
[EventCountry "ESP"]
[Source "lmi"]
[SourceDate "2010.08.20"]

1. d4 d5 2. Bf4 e6 3. e3 Nf6 4. Nf3 c6 5. Nbd2 Nbd7 6. Bd3 Be7 7. c3 O-O 8. Ne5
Re8 9. h4 Nf8 10. g4 Ng6 11. g5 Nxf4 12. exf4 Nd7 13. Bxh7+ Kf8 14. Nxf7 Kxf7
15. Qh5+ Kf8 16. Bg6 Nf6 17. gxf6 Bxf6 18. Qh8+ Ke7 19. Qxe8+ Qxe8 20. Bxe8
Kxe8 21. Nf3 b6 22. Ne5 Bxe5 23. fxe5 Ba6 24. Kd2 Kf7 25. Rag1 Rh8 26. Rg4 Bc8
27. Rhg1 Rh7 28. Ke3 Bd7 29. Rf4+ Ke7 30. b3 b5 31. b4 Bc8 32. a4 a6 33. axb5
axb5 34. Ra1 Bd7 35. Ra7 Rh8 36. Rg4 Rh7 37. Kf4 Ke8 38. Kg5 Kd8 39. Rf4 Ke7
40. Kg6 Rh8 41. Rf7+ Ke8 42. Ra8+ Bc8 43. Rxc8# 1-0

[Event "26. Torneo Collado Villalba - B"]
[Site "Collado Villalba ESP"]
[Date "2010.08.23"]
[Round "4.1"]
[White "Piriz Fernandez, Daniel"]
[Black "Casas Rios, Ramon"]
[Result "1-0"]
[WhiteElo "1841"]
[BlackElo "1879"]
[PlyCount "29"]
[EventDate "2010.08.20"]
[EventType "swiss"]
[EventRounds "9"]
[EventCountry "ESP"]
[Source "lmi"]
[SourceDate "2010.08.20"]

1. d4 Nf6 2. Nf3 e6 3. Bg5 d5 4. e3 Nbd7 5. c4 c6 6. Nc3 Qa5 7. Nd2 Bb4 8. Qc2
O-O 9. Be2 dxc4 10. Bxf6 Nxf6 11. Nxc4 Qc7 12. O-O c5 13. Nb5 Qe7 14. a3 a6 15.
axb4 1-0

[Event "26. Torneo Collado Villalba - B"]
[Site "Collado Villalba ESP"]
[Date "2010.08.23"]
[Round "4.2"]
[White "Morona Minguez, Irene"]
[Black "Escalante Ortega, Fernando"]
[Result "1-0"]
[WhiteElo "1838"]
[BlackElo "1853"]
[PlyCount "70"]
[EventDate "2010.08.20"]
[EventType "swiss"]
[EventRounds "9"]
[EventCountry "ESP"]
[Source "lmi"]
[SourceDate "2010.08.20"]

1. e4 Nf6 2. e5 Nd5 3. d4 d6 4. Nf3 Bg4 5. Bc4 e6 6. h3 Bh5 7. O-O Nb6 8. Be2
d5 9. Nbd2 c5 10. c3 Nc6 11. Re1 Rc8 12. dxc5 Bxc5 13. Nb3 Be7 14. Nfd4 Bxe2
15. Qxe2 Nd7 16. f4 Nc5 17. Qg4 g6 18. Be3 h5 19. Qf3 Ne4 20. Rf1 b6 21. Rad1
h4 22. Ne2 Rh5 23. c4 f5 24. exf6 Bxf6 25. Qg4 Kf7 26. cxd5 Rxd5 27. Rc1 Rd3
28. Bf2 Nxf2 29. Rxf2 Rd1+ 30. Rf1 Rxc1 31. Rxc1 Qd3 32. Nc3 Bxc3 33. Rxc3 Qb1+
34. Rc1 Qxb2 35. Qf3 Qxa2 1-0

[Event "26. Torneo Collado Villalba - B"]
[Site "Collado Villalba ESP"]
[Date "2010.08.23"]
[Round "4.3"]
[White "Rubio Campos, Juan"]
[Black "Garcia Serrano, Jose M"]
[Result "1-0"]
[WhiteElo "1813"]
[BlackElo "1942"]
[PlyCount "108"]
[EventDate "2010.08.20"]
[EventType "swiss"]
[EventRounds "9"]
[EventCountry "ESP"]
[Source "lmi"]
[SourceDate "2010.08.20"]

1. e4 e5 2. Nf3 Nc6 3. Bb5 a6 4. Ba4 Nf6 5. O-O Nxe4 6. d4 exd4 7. Re1 d5 8.
Nxd4 Bd6 9. Nxc6 Bxh2+ 10. Kh1 Qh4 11. Rxe4+ dxe4 12. Qd8+ Qxd8 13. Nxd8+ Kxd8
14. Kxh2 Be6 15. Nc3 c5 16. Nxe4 b5 17. Nxc5 bxa4 18. Nxa4 Rc8 19. c3 Rc6 20.
Be3 Kc8 21. Bd4 f6 22. Nc5 Re8 23. b4 Bc4 24. a4 Re7 25. Rb1 f5 26. Be3 Rg6 27.
Rd1 Kc7 28. Rd4 Bf1 29. g3 Be2 30. Kg2 Rf7 31. Bf4+ Kc8 32. Rd2 Bc4 33. Rd4 Ba2
34. Nd3 Re7 35. Ne5 Rge6 36. Nc4 Bxc4 37. Rxc4+ Kb7 38. Rc5 g6 39. Be3 Rc6 40.
Rxc6 Kxc6 41. Kf3 Kd5 42. b5 axb5 43. axb5 Kc4 44. b6 Kxc3 45. Kf4 h6 46. Bc5
Re4+ 47. Kf3 Re8 48. Bd6 Re1 49. b7 Rb1 50. b8=Q Rxb8 51. Bxb8 g5 52. Be5+ Kc4
53. Bg7 f4 54. gxf4 gxf4 1-0

[Event "26. Torneo Collado Villalba - B"]
[Site "Collado Villalba ESP"]
[Date "2010.08.23"]
[Round "4.4"]
[White "Fernandez Garcia, Ignacio"]
[Black "Mataix Fernandez, Ricardo"]
[Result "1-0"]
[WhiteElo "1909"]
[BlackElo "1800"]
[PlyCount "89"]
[EventDate "2010.08.20"]
[EventType "swiss"]
[EventRounds "9"]
[EventCountry "ESP"]
[Source "lmi"]
[SourceDate "2010.08.20"]

1. e4 e6 2. d4 d5 3. e5 c5 4. c3 Nc6 5. Nf3 Qb6 6. Bd3 Bd7 7. dxc5 Bxc5 8. O-O
Qc7 9. Re1 a6 10. a4 Nge7 11. Bf4 Ng6 12. Bg3 Nce7 13. Na3 Nf5 14. Bxf5 exf5
15. e6 Bxf2+ 16. Bxf2 Bxe6 17. Qxd5 O-O 18. Qc5 Qf4 19. Nc2 Qg4 20. Ne5 Nxe5
21. Qxe5 Rac8 22. Nd4 Bd7 23. Qg3 Qh5 24. Re7 Bc6 25. Nxc6 Rxc6 26. Qf3 Qxf3
27. gxf3 Rg6+ 28. Kh1 b5 29. axb5 axb5 30. Rb7 h6 31. Rxb5 Rd8 32. Bd4 Re8 33.
Re5 Rxe5 34. Bxe5 Re6 35. Bd4 Kh7 36. b4 g5 37. b5 Re7 38. b6 Rb7 39. Ra7 Rb8
40. Rxf7+ Kg6 41. Rg7+ Kh5 42. b7 Re8 43. Be5 Rxe5 44. b8=Q Re1+ 45. Kg2 1-0

[Event "26. Torneo Collado Villalba - B"]
[Site "Collado Villalba ESP"]
[Date "2010.08.23"]
[Round "4.5"]
[White "Sanchez Ruiz, Piedad Esmeralda"]
[Black "Nunez Miranda, Adrian"]
[Result "1/2-1/2"]
[WhiteElo "1902"]
[BlackElo "1772"]
[PlyCount "63"]
[EventDate "2010.08.20"]
[EventType "swiss"]
[EventRounds "9"]
[EventCountry "ESP"]
[Source "lmi"]
[SourceDate "2010.08.20"]

1. e4 e5 2. Nf3 d6 3. c3 Nf6 4. Bd3 Bg4 5. Bc2 d5 6. h3 Bxf3 7. Qxf3 Bc5 8. O-O
O-O 9. d3 c6 10. Bg5 Nbd7 11. Nd2 Re8 12. Rfe1 Bb6 13. Nf1 h6 14. Bh4 d4 15. c4
Ba5 16. Red1 Nf8 17. a3 Ng6 18. Bg3 c5 19. Rab1 Bc7 20. b4 b6 21. Nd2 a5 22.
bxc5 bxc5 23. a4 Bd6 24. Rb5 Qc7 25. Rdb1 Reb8 26. Rxb8+ Rxb8 27. Rb5 Ne7 28.
Bh4 Nd7 29. Qg4 Nc6 30. Qe2 Na7 31. Bb3 Nxb5 32. cxb5 1/2-1/2

[Event "26. Torneo Collado Villalba - B"]
[Site "Collado Villalba ESP"]
[Date "2010.08.23"]
[Round "4.6"]
[White "Liceras Ruiz, Manuel"]
[Black "Navarro Martin, Carlos"]
[Result "0-1"]
[WhiteElo "1709"]
[BlackElo "1843"]
[PlyCount "84"]
[EventDate "2010.08.20"]
[EventType "swiss"]
[EventRounds "9"]
[EventCountry "ESP"]
[Source "lmi"]
[SourceDate "2010.08.20"]

1. d4 Nf6 2. Nf3 g6 3. c4 Bg7 4. Nc3 d5 5. Bf4 O-O 6. e3 c5 7. Bd3 cxd4 8. exd4
Nc6 9. c5 Bg4 10. Be2 Ne4 11. Ne5 Bxe2 12. Nxc6 bxc6 13. Nxe2 Qa5+ 14. Bd2 Nxd2
15. Qxd2 Qxd2+ 16. Kxd2 Rab8 17. b3 Rb4 18. Kc3 Rfb8 19. f4 a5 20. Rab1 a4 21.
Rhd1 f6 22. g3 e5 23. fxe5 fxe5 24. dxe5 Bxe5+ 25. Kc2 axb3+ 26. axb3 R8b5 27.
Re1 Rxc5+ 28. Kd3 Bf6 29. Rf1 Kg7 30. Rf4 Rcb5 31. Rxb4 Rxb4 32. Kc2 Rb6 33.
Nc3 Kf7 34. Re1 Rb7 35. Re2 Re7 36. Rg2 Ke6 37. Kd3 Kd6 38. Na4 Rb7 39. Kc2 c5
40. h4 Rb4 41. Nc3 c4 42. Nd1 Rxb3 0-1

[Event "26. Torneo Collado Villalba - B"]
[Site "Collado Villalba ESP"]
[Date "2010.08.23"]
[Round "4.8"]
[White "Garcia Sanz, Eduardo"]
[Black "Sanchez Yunquera, Raul"]
[Result "0-1"]
[WhiteElo "1972"]
[BlackElo "1702"]
[PlyCount "92"]
[EventDate "2010.08.20"]
[EventType "swiss"]
[EventRounds "9"]
[EventCountry "ESP"]
[Source "lmi"]
[SourceDate "2010.08.20"]

1. Nf3 Nc6 2. d4 d5 3. g3 Bg4 4. Bg2 h6 5. Ne5 Nxe5 6. dxe5 e6 7. O-O Ne7 8. b3
Nc6 9. Bb2 Bc5 10. Qd2 Qg5 11. e3 Qh5 12. f4 Bh3 13. Bf3 Qf5 14. Re1 h5 15. Nc3
Nb4 16. Rac1 Bg4 17. Bg2 h4 18. a3 Nc6 19. Qd3 Qh5 20. Kf2 O-O-O 21. Na4 Be7
22. b4 h3 23. Bh1 Qf5 24. Qxf5 Bxf5 25. Bd4 Nxd4 26. exd4 f6 27. exf6 Bxf6 28.
c3 g5 29. Ke3 Rd6 30. Nc5 gxf4+ 31. gxf4 Rh4 32. Rg1 b6 33. Nb3 Rd7 34. Rg8+
Kb7 35. c4 Re7 36. c5 c6 37. cxb6 axb6 38. a4 Rg7 39. Rxg7+ Bxg7 40. a5 b5 41.
Nc5+ Ka7 42. Bf3 Bh6 43. Nxe6 Bxe6 44. Rxc6 Bxf4+ 45. Kd3 Bf5+ 46. Ke2 Bg4 0-1

[Event "26. Torneo Collado Villalba - B"]
[Site "Collado Villalba ESP"]
[Date "2010.08.23"]
[Round "4.9"]
[White "Perez Alvarez, Javier"]
[Black "Greciano Reiskila, Miguel C"]
[Result "0-1"]
[WhiteElo "1774"]
[BlackElo "1970"]
[PlyCount "106"]
[EventDate "2010.08.20"]
[EventType "swiss"]
[EventRounds "9"]
[EventCountry "ESP"]
[Source "lmi"]
[SourceDate "2010.08.20"]

1. e4 c5 2. Nf3 d6 3. d4 cxd4 4. Nxd4 Nf6 5. Nc3 g6 6. f4 Nc6 7. Nf3 Bg7 8. Bd3
O-O 9. O-O Bd7 10. Qe1 Rc8 11. Kh1 Qa5 12. Bd2 Qh5 13. Be2 Bg4 14. Qg3 Nb4 15.
a3 Rxc3 16. Bxc3 Nxe4 17. Qh4 Qxh4 18. Nxh4 Bxe2 19. Bxg7 Kxg7 20. axb4 Bxf1
21. Rxf1 Rc8 22. c3 f5 23. Nf3 Kf6 24. Kg1 e5 25. fxe5+ dxe5 26. Rd1 Ke6 27.
Kf1 g5 28. Ke2 g4 29. Nd2 Nxd2 30. Rxd2 Rc7 31. Rd8 Rd7 32. Re8+ Kd5 33. Kd3
e4+ 34. Ke3 Kc4 35. Re5 Rd3+ 36. Ke2 Kb3 37. Rxf5 Kxb2 38. Rf7 Kxc3 39. Rc7+
Kxb4 40. Rxb7+ Kc3 41. Rc7+ Kd4 42. Rxa7 h5 43. Ra4+ Ke5 44. Ra5+ Rd5 45. Ra8
Rb5 46. Re8+ Kd4 47. Rd8+ Rd5 48. Re8 Ra5 49. Rd8+ Ke5 50. Rh8 Kf6 51. Ke3 Kg7
52. Re8 Ra2 53. Kxe4 Re2+ 0-1

[Event "26. Torneo Collado Villalba - B"]
[Site "Collado Villalba ESP"]
[Date "2010.08.23"]
[Round "4.12"]
[White "Martinez Rubio, Felipe"]
[Black "Cerrato Sampablo, Antonio"]
[Result "1-0"]
[WhiteElo "1920"]
[BlackElo "1621"]
[PlyCount "75"]
[EventDate "2010.08.20"]
[EventType "swiss"]
[EventRounds "9"]
[EventCountry "ESP"]
[Source "lmi"]
[SourceDate "2010.08.20"]

1. d4 Nf6 2. Bg5 Ne4 3. Bf4 c5 4. f3 Qa5+ 5. c3 Nf6 6. Nd2 cxd4 7. Nb3 Qb6 8.
Qxd4 Qxd4 9. Nxd4 Nc6 10. Nb5 Nd5 11. Bg3 a6 12. e4 axb5 13. exd5 Na7 14. Bf2
e6 15. dxe6 dxe6 16. Bxa7 Rxa7 17. Bxb5+ Bd7 18. Bxd7+ Kxd7 19. a3 Bc5 20.
O-O-O+ Ke7 21. Ne2 b6 22. Rd3 Rd8 23. Rhd1 Rad7 24. Kc2 g5 25. Nd4 Bxd4 26.
Rxd4 Rxd4 27. Rxd4 Rxd4 28. cxd4 Kd6 29. a4 Kc6 30. b4 h5 31. h3 h4 32. Kd3 Kd5
33. Kc3 f6 34. Kd3 e5 35. dxe5 fxe5 36. a5 b5 37. a6 Kc6 38. Ke4 1-0

[Event "26. Torneo Collado Villalba - B"]
[Site "Collado Villalba ESP"]
[Date "2010.08.23"]
[Round "4.14"]
[White "Pardo Vaquero, Ignacio"]
[Black "Alvarez Escudero, Manuel"]
[Result "1-0"]
[WhiteElo "1659"]
[BlackElo "1865"]
[PlyCount "51"]
[EventDate "2010.08.20"]
[EventType "swiss"]
[EventRounds "9"]
[EventCountry "ESP"]
[Source "lmi"]
[SourceDate "2010.08.20"]

1. d4 d5 2. Bf4 e6 3. Nf3 c5 4. e3 cxd4 5. exd4 Nc6 6. c3 Nf6 7. Nbd2 Bd6 8.
Ne5 Qc7 9. Ndf3 Ng4 10. Nxf7 Bxf4 11. Nxh8 Nf6 12. g3 Bh6 13. Bb5 a6 14. Bxc6+
bxc6 15. Ne5 g6 16. Nhf7 Bg7 17. Qa4 Nd7 18. f4 Ke7 19. Ng5 Nxe5 20. fxe5 h6
21. Nh7 Kf7 22. O-O+ Kg8 23. Nf6+ Kh8 24. Qc2 Qf7 25. Nxd5 Qe8 26. Nc7 1-0

[Event "26. Torneo Collado Villalba - B"]
[Site "Collado Villalba ESP"]
[Date "2010.08.23"]
[Round "4.17"]
[White "Benito Alba, Eladio"]
[Black "Martin Garcia, Francisco Javier"]
[Result "0-1"]
[WhiteElo "1796"]
[BlackElo "1578"]
[PlyCount "62"]
[EventDate "2010.08.20"]
[EventType "swiss"]
[EventRounds "9"]
[EventCountry "ESP"]
[Source "lmi"]
[SourceDate "2010.08.20"]

1. d4 Nf6 2. Nf3 g6 3. g3 Bg7 4. Bg2 O-O 5. b3 d6 6. Bb2 Nbd7 7. c4 c6 8. O-O
Re8 9. Nc3 e5 10. dxe5 Nxe5 11. Nxe5 dxe5 12. Qc2 Qc7 13. e4 Be6 14. Rfd1 Rad8
15. Ba3 a5 16. c5 Bf8 17. Na4 Nd7 18. Rd2 Qb8 19. Rad1 b5 20. Rxd7 Bxd7 21. Nb6
Be6 22. b4 a4 23. Bc1 Rxd1+ 24. Qxd1 Bxa2 25. Bg5 Be6 26. f4 h6 27. Bf6 Be7 28.
Bxe5 Qd8 29. Qb1 Qd2 30. f5 gxf5 31. exf5 Qe3+ 0-1

[Event "26. Torneo Collado Villalba - B"]
[Site "Collado Villalba ESP"]
[Date "2010.08.24"]
[Round "5.1"]
[White "Piriz Fernandez, Daniel"]
[Black "Morona Minguez, Irene"]
[Result "1-0"]
[WhiteElo "1841"]
[BlackElo "1838"]
[PlyCount "89"]
[EventDate "2010.08.20"]
[EventType "swiss"]
[EventRounds "9"]
[EventCountry "ESP"]
[Source "lmi"]
[SourceDate "2010.08.20"]

1. d4 Nf6 2. Nf3 g6 3. g3 Bg7 4. Bg2 O-O 5. O-O d6 6. Bg5 h6 7. Bf4 Nfd7 8. e4
e5 9. Be3 Nc6 10. c3 Ne7 11. Nh4 c6 12. f4 exf4 13. gxf4 Nd5 14. exd5 Qxh4 15.
dxc6 bxc6 16. Bxc6 Rb8 17. b3 Nf6 18. Qe1 Qh5 19. Bf3 Bg4 20. Qg3 Rfe8 21. Bg2
Be2 22. Re1 Re7 23. Nd2 Rbe8 24. Bf2 Qf5 25. Bf3 Bxf3 26. Qxf3 Nd5 27. Rxe7
Rxe7 28. Re1 Rxe1+ 29. Bxe1 Nxf4 30. Bg3 Nh3+ 31. Kg2 Qe6 32. Qe4 Qxe4+ 33.
Nxe4 d5 34. Nd6 Ng5 35. Nb5 Ne4 36. Be1 a5 37. Nc7 Nf6 38. c4 dxc4 39. bxc4 Nd7
40. Nb5 a4 41. c5 Bxd4 42. c6 Bf6 43. cxd7 Kf8 44. Bb4+ Kg7 45. Bc3 1-0

[Event "26. Torneo Collado Villalba - B"]
[Site "Collado Villalba ESP"]
[Date "2010.08.24"]
[Round "5.2"]
[White "Sanchez Yunquera, Raul"]
[Black "Fernandez Garcia, Ignacio"]
[Result "0-1"]
[WhiteElo "1702"]
[BlackElo "1909"]
[PlyCount "70"]
[EventDate "2010.08.20"]
[EventType "swiss"]
[EventRounds "9"]
[EventCountry "ESP"]
[Source "lmi"]
[SourceDate "2010.08.20"]

1. d4 Nf6 2. c4 d6 3. Nc3 g6 4. Bg5 Bg7 5. Nf3 c6 6. h3 O-O 7. e3 Na6 8. Qb3
Nc7 9. Be2 Bd7 10. Qxb7 Rb8 11. Qxa7 Rxb2 12. Qa3 Rc2 13. Qb3 Rxc3 14. Qxc3 Ne4
15. Qb3 c5 16. Bf4 Ne6 17. O-O cxd4 18. Rad1 N6c5 19. Qa3 Nc3 20. Rd2 N5e4 21.
Rc2 e5 22. Bh2 Be6 23. exd4 exd4 24. Bd3 Nc5 25. Rd2 Nxd3 26. Rxd3 Bxc4 27.
Rxc3 dxc3 28. Rc1 d5 29. Be5 d4 30. Bxg7 Kxg7 31. Qa4 Qd5 32. a3 Rd8 33. Re1 d3
34. Re5 c2 35. Rxd5 c1=Q+ 0-1

[Event "26. Torneo Collado Villalba - B"]
[Site "Collado Villalba ESP"]
[Date "2010.08.24"]
[Round "5.3"]
[White "Navarro Martin, Carlos"]
[Black "Rubio Campos, Juan"]
[Result "1/2-1/2"]
[WhiteElo "1843"]
[BlackElo "1813"]
[PlyCount "35"]
[EventDate "2010.08.20"]
[EventType "swiss"]
[EventRounds "9"]
[EventCountry "ESP"]
[Source "lmi"]
[SourceDate "2010.08.20"]

1. d4 d5 2. c4 e6 3. Nf3 c5 4. cxd5 exd5 5. g3 Nc6 6. Bg2 Nf6 7. O-O Be7 8. Nc3
O-O 9. dxc5 Bxc5 10. Na4 Be7 11. Be3 Re8 12. Bc5 Bxc5 13. Nxc5 Qe7 14. Qc1 Ne4
15. Nb3 Bg4 16. Nbd4 Nxd4 17. Nxd4 Nf6 18. Qg5 1/2-1/2